| 000 | 00477nam a2200181Ia 4500 | ||
|---|---|---|---|
| 999 |
_c1641 _d1641 |
||
| 020 | _a81-7033-211-6 | ||
| 082 | _a305.513095413 MOH-; | ||
| 100 | _aMohanti, K.K. | ||
| 245 | 0 | _aSocial mobility and caste dynamics: the Kansari of Orissa | |
| 260 |
_aJaipur _bRawat Publications _c1993 |
||
| 300 | _a256p. | ||
| 650 | _aKansara | ||
| 650 | _aSociology - Orissa | ||
| 650 | _aSocial mobility - Orissa | ||
| 650 | _aCaste - Orissa | ||
| 650 | _aKansari - Orissa | ||
| 942 | _cBK | ||